K metodologickému souladu českých indikátorů krátkodobého vývoje s doporučeným standardem Evropské unie. 1

Harmonizácia českej štatistiky s doporučeným štandardom Európskej únie. Všeobecné zásady harmonizovanej tvorby a prezentácie indikátorov. Index priemyselnej výroby.

Na minha lista:
Detalhes bibliográficos
Autor principal: Jílek, Josef
Formato: Capítulo de Livro
Idioma:tcheco
Assuntos:
Tags: Adicionar Tag
Sem tags, seja o primeiro a adicionar uma tag!

MARC

LEADER 00000naa a2200000 4500
001 r023091
005 20230925105805.8
041 0 |a cze 
044 |a CZ 
245 1 0 |a K metodologickému souladu českých indikátorů krátkodobého vývoje s doporučeným standardem Evropské unie. 1  |c J. Jílek 
520 |a Harmonizácia českej štatistiky s doporučeným štandardom Európskej únie. Všeobecné zásady harmonizovanej tvorby a prezentácie indikátorov. Index priemyselnej výroby. 
610 2 0 |a štatistika 
610 2 0 |a Česko 
610 2 0 |a Európska únia 
610 2 0 |a indexy 
610 2 0 |a výroba priemyselná 
100 1 |a Jílek, Josef